• 首页
  • 本馆介绍
  • 公告通知
  • 最新文献
  • 馆藏检索
  • 电子资源
  • 读者导购
  • 参考咨询
  • 我的图书馆
  • 登录
  • 详细信息显示
  • 放入我的书架
  • 预约/预借图书
  • 作者相关作品
  • 分类相关作品
  • 丛书相关作品
  • 出版社相关作品

书目信息

  • 表格格式
  • 工作单格式
  • 卡片格式
题名:
戏剧中形体塑造与形体文化解读
    
 
作者: 苏静 著
分册:  
出版信息: 北京   新华出版社  2020.11
页数: 182页
开本: 24cm
丛书名:
单 册:
中图分类: J812.2
科图分类:
主题词: 戏剧--形体--表演艺术
电子资源:
ISBN: 978-7-5166-5313-5
000 00804nam0 2200229 45
001 490063
005 20140817164207.0
010    @a978-7-5166-5313-5@dCNY68.00
100    @a20210331d2020 em y0chiy0110 ea
101 0  @achi
102    @aCN@b110000
105    @aa z 000yy
106    @ar
200 1  @a戏剧中形体塑造与形体文化解读@Axi ju zhong xing ti su zao yu xing ti wen hua jie du@f苏静著
210    @a北京@c新华出版社@d2020.11
215    @a182页@c图@d24cm
330    @a本书分六章,内容包括:形体的概述、形体塑造与戏剧、从戏剧的形体塑造中解读文化、形体塑造的身体表演方式、形体塑造在戏剧中的身体表演训练、当代戏剧形体塑造的实践探索。
606 0  @a戏剧@x形体@x表演艺术
690    @aJ812.2@v5
701  0 @a苏静@Asu jing@4著
801    @aCN@b江苏凤凰@c20211018
905    @b1355482-5@dJ812.2@e154@f4
    
    戏剧中形体塑造与形体文化解读/苏静著.-北京:新华出版社,2020.11
    182页:图;24cm
    
    
    ISBN 978-7-5166-5313-5:CNY68.00
    本书分六章,内容包括:形体的概述、形体塑造与戏剧、从戏剧的形体塑造中解读文化、形体塑造的身体表演方式、形体塑造在戏剧中的身体表演训练、当代戏剧形体塑造的实践探索。
●
相关链接 在E读中查询图书 在五车中查询图书 在当当中查询图书 在豆瓣中查询图书


正题名:戏剧中形体塑造与形体文化解读     索取号:J812.2/154         预约/预借

序号 登录号 条形码 馆藏地/架位号 状态 备注
1 1355482   213554820   第一样本阅览室/ [索取号:J812.2/154] 在馆    
2 1355483   213554839   第一借阅区/ [索取号:J812.2/154] 在馆    
3 1355484   213554848   第一借阅区/ [索取号:J812.2/154] 在馆    
4 1355485   213554857   第一借阅区/ [索取号:J812.2/154] 在馆    
唐山师范学院图书馆 欢迎您!
大连网信软件有限公司© 版权所有